European Countries with a 'D' Quiz Stats

 Plays Quiz Updated May 7, 2018

Challenge
Share
Tweet
Score 0/13 Timer 03:00
35 Plays Today
% Correct
Finland
93.1%
Ireland
91.8%
Sweden
91.8%
Denmark
91.7%
United Kingdom
91.4%
Poland
91.2%
Iceland
88.3%
Netherlands
87%
Switzerland
83.1%
Macedonia
72.5%
Moldova
69.7%
Andorra
66.5%
Bosnia and Herzegovina
45%

You're not logged in!

Compare scores with friends on all Sporcle quizzes.
OR
Log In

You Might Also Like...

Show Comments

Extras

Top Quizzes Today


Score Distribution

Your Account Isn't Verified!

In order to create a playlist on Sporcle, you need to verify the email address you used during registration. Go to your Sporcle Settings to finish the process.

Report this User

Report this user for behavior that violates our Community Guidelines.

Details: